000 00567nam a22001817a 4500
005 20231108145215.0
008 231108b |||||||| |||| 00| 0 eng d
020 _a040902807 X
041 _aEnglish
082 _a346.2 LEG
100 _lEnglish
245 _aLegal Principles of Contracts and Negotiable Instruments /
_cedited by MA Fouche
250 _aThird Edition
260 _aDurban :
_bButterworth Publishers (Pty) Ltd,
_c1995
300 _bix, 358 pages ;
_c25 cm.
650 _aLegal practice
_bLaw
942 _cBK
_6ALISON_BN_VRIES
999 _c445
_d445